=LDR 00000nam 2200000 4500 =001 INLIS000000000053650 =005 20181119030117 =035 ##$$a 0010-1118000025 =007 ta =008 181119###########################0#ind## =020 ##$$a - =082 ##$$a 370 =084 ##$$a 370 PEN =100 #$$a - =245 1#$$a Pendidikan sebagai praktik pembenasan /$c - =250 ##$$a - =260 ##$$a [SL] :$b [Sn],$c [Sa] =300 ##$$a 156 hlm : $b - ; $c 20 cm =650 ##$$a Pendidikan =520 ##$$a - =990 ##$$a 84948494 =990 ##$$a 01201808494